Negociando espacios domésticos y sociales: género y poder en la Nicaragua posterior a 1990 /
Shranjeno v:
| Glavni avtor: | |
|---|---|
| Format: | Texto |
| Teme: | |
| Oznake: |
Označite
Brez oznak, prvi označite!
|
MARC
| LEADER | 00000 a a2200000 04500 | ||
|---|---|---|---|
| 001 | 10426 | ||
| 003 | |||
| 040 | |||
| 100 | |a Babb, Florence E. | ||
| 245 | |a Negociando espacios domésticos y sociales: |b género y poder en la Nicaragua posterior a 1990 / |c Florence E. Babb | ||
| 650 | |a MOVIMIENTO DE MUJERES | ||
| 650 | |a REVOLUCION | ||
| 650 | |a NEOLIBERALISMO | ||
| 650 | |a TRABAJO | ||
| 650 | |a IGUALDAD DE GENERO | ||
| 773 | |g volumen 15, número 49; páginas 117-131 | ||
| 999 | |c 28579 |d 28579 | ||
